000 00354nam a2200133Ia 4500
008 231129s9999||||xx |||||||||||||| ||spa||
020 _a958-9018-39-4
040 _bspa
082 _a925 D228m
100 _aMontero Pérez José Marí­a
245 0 _aDarwin
264 _aBogotá Colombia: Cinco
942 _2ddc
_cBKS
999 _c8709
_d8709